| 000 | 01633nam a2200253Ia 4500 | ||
|---|---|---|---|
| 003 | Ost | ||
| 005 | 20260416102353.0 | ||
| 008 | 260416s9999||||xx |||||||||||||| ||und|| | ||
| 040 | _cfsecg | ||
| 041 | _aara | ||
| 082 | _a658.306 | ||
| 100 |
_aبلاغماس، بركة _eمؤلف |
||
| 245 | 0 |
_aالهندسة الوظيفية / _c بركة بلاغماس |
|
| 260 |
_aالجزائر _bجامعة الجزائر3: كلية العلوم الإقتصادية، العلوم التجارية وعلوم التسيير _c2019 |
||
| 300 |
_a129 ورقة _bايضاحات _c30 سم |
||
| 504 | _aمراجع ص.125 | ||
| 520 | _aمعلومات حول مقياس الهندسة الوظيية، مدخل مفاهيمي، أساسيات الدراسات الهندسية للوظائف والكفاءات، إدارة الموارد البشرية ومقاربة الادارة بالكفاءاتن التسيير التوقعي للوظائف والكفاءات، مناهج التحليل الوظيفي وتصميم وهيكلة الوظائف، مقاربة تحديد الكفاءات التي تقوم على أساس التحليل الوظيفي، المدونات المرجعية للمهن والوظائف وكيفية اعدادها، تصنيف توصيف وتقييم الوظائف. | ||
| 653 | _aالوظائف | ||
| 653 | _aتحليل الوضائف | ||
| 653 | _aتقييم الوظائف | ||
| 653 | _aتوصيف الوظائف | ||
| 710 |
_aجامعة الجزائر3: كلية العلوم الإقتصادية، العلوم التجارية وعلوم التسيير _eناشر علمي |
||
| 942 | _cHANDOUT | ||
| 999 |
_c41105 _d41105 |
||